00558nam a22001817a 450000500170000000800410001702000180005804000210007604100080009708200180010510000340012324500900015725000120024726000340025930000100029365000410030370000320034420250902101041.0250902b |||||||| |||| 00| 0 eng d a9788198813121 aIN-DiNCcIN-DiNC dasm a301.0954bBOR aBorah, Birinchi Kumareauthor aBharatiya samaj aru rajniti (Minor5)/cby Birinchi Kumar Borah and Prajna Devi Bhuyan a1st ed. aJorhat:bBidya bhawan,c2025. a192p. aPolity and society in India (Minor5) aBhuyan, Prajna Devieauthor